जहं जहं चरन परे गौतम केः (Record no. 25533)

MARC details
000 -LEADER
fixed length control field 01286nam a22002657a 4500
005 - DATE AND TIME OF LATEST TRANSACTION
control field 20090326143152.0
008 - FIXED-LENGTH DATA ELEMENTS--GENERAL INFORMATION
fixed length control field 090326t xxu||||| |||| 00| 0 hin d
010 ## - LCCN (DPL NO)
LC control number HIN-86386
020 ## - INTERNATIONAL STANDARD BOOK NUMBER
International Standard Book Number 9788121612746
Terms of availability 495.00
035 ## - SYSTEM CONTROL NUMBER
System control number HN-58732
037 ## - SOURCE OF ACQUISITION
Source of stock number/acquisition DBAD / PUB
040 ## - CATALOGING SOURCE
Original cataloging agency dpl
Language of cataloging hn
082 ## - DEWEY DECIMAL CLASSIFICATION NUMBER
Classification number 250
100 ## - MAIN ENTRY--PERSONAL NAME
Personal name हन्ह, तिक न्यात
245 ## - TITLE STATEMENT
Title जहं जहं चरन परे गौतम केः
Remainder of title बुद्ध का जीवन व शिक्षाएं /
Statement of responsibility, etc तिक न्यात हन्ह
246 ## - VARYING FORM OF TITLE
Title proper/short title Jahn Jahn Charana pare Gautam ke
Remainder of title Thich Nhat Hanh
260 ## - PUBLICATION, DISTRIBUTION, ETC. (IMPRINT)
Place of publication, distribution, etc नई दिल्ली
Name of publisher, distributor, etc सरस्वती विहार
Date of publication, distribution, etc 2008
260 ## - PUBLICATION, DISTRIBUTION, ETC. (IMPRINT)
Place of publication, distribution, etc नई दिल्ली
Name of publisher, distributor, etc हिन्द पॉकेट बुक्स
Date of publication, distribution, etc 2008
270 ## - ADDRESS
Address जे-40, जोरबाग लेन
City नई दिल्ली
Postal code 110003
300 ## - PHYSICAL DESCRIPTION
Extent 576 पृ
Other physical details सचित्र
Dimensions 22सेमी (सजिल्द)
650 ## - SUBJECT ADDED ENTRY--TOPICAL TERM
Topical term or geographic name as entry element बौद्ध धर्म
650 ## - SUBJECT ADDED ENTRY--TOPICAL TERM
Topical term or geographic name as entry element Buddhism
942 ## - ADDED ENTRY ELEMENTS (KOHA)
Source of classification or shelving scheme Dewey Decimal Classification
Item type Hindi Books
Classification part 250
Call number suffix हन्हति
Holdings
Withdrawn status Lost status Source of classification or shelving scheme Damaged status Not for loan Collection code Home library Current library Date acquired Source of acquisition Cost, normal purchase price Total Checkouts Full call number Barcode Date last seen Copy number Cost, replacement price Koha item type
    Dewey Decimal Classification     Non-fiction D.B.Act.Division D.B.Act.Division 26/03/2009 DBAD / PUB 495.00   250 हन्हति HN-58732 26/03/2009 1 495.00 Hindi Books

© Delhi Public Library
Hit Counter
free hit counter